<?xml version="1.0" encoding="UTF-8"?>
<record
    xmlns:xsi="http://www.w3.org/2001/XMLSchema-instance"
    xsi:schemaLocation="http://www.loc.gov/MARC21/slim http://www.loc.gov/standards/marcxml/schema/MARC21slim.xsd"
    xmlns="http://www.loc.gov/MARC21/slim">

  <leader>01285nam a22002657a 4500</leader>
  <controlfield tag="005">20170124103108.0</controlfield>
  <datafield tag="010" ind1=" " ind2=" ">
    <subfield code="a">B-008795</subfield>
  </datafield>
  <datafield tag="020" ind1=" " ind2=" ">
    <subfield code="c">250.00</subfield>
  </datafield>
  <datafield tag="035" ind1=" " ind2=" ">
    <subfield code="a">B-008795</subfield>
  </datafield>
  <datafield tag="037" ind1=" " ind2=" ">
    <subfield code="b">Cen Lib/Ret</subfield>
  </datafield>
  <datafield tag="040" ind1=" " ind2=" ">
    <subfield code="a">DPL</subfield>
    <subfield code="b">HN</subfield>
  </datafield>
  <datafield tag="082" ind1=" " ind2=" ">
    <subfield code="a">954.0841</subfield>
    <subfield code="b">&#x918;&#x94B;&#x937;&#x915;&#x93E;</subfield>
  </datafield>
  <datafield tag="100" ind1=" " ind2=" ">
    <subfield code="a">&#x918;&#x94B;&#x937;, &#x915;&#x93E;&#x932;&#x940;&#x91A;&#x930;&#x923; </subfield>
    <subfield code="9">43761</subfield>
  </datafield>
  <datafield tag="245" ind1=" " ind2=" ">
    <subfield code="a">&#x92C;&#x932;&#x93F;&#x926;&#x93E;&#x928;&#x93F;&#x92F;&#x94B;&#x902; &#x915;&#x940; &#x92F;&#x936;&#x94B;&#x917;&#x93E;&#x925;&#x93E; /</subfield>
    <subfield code="c">&#x915;&#x93E;&#x932;&#x940;&#x91A;&#x930;&#x923; &#x918;&#x94B;&#x937;; &#x905;&#x928;&#x941;&#x935;&#x93E;&#x926;&#x915; &#x936;&#x902;&#x915;&#x930; &#x938;&#x939;&#x93E;&#x92F; &#x938;&#x915;&#x94D;&#x938;&#x947;&#x928;&#x93E; </subfield>
  </datafield>
  <datafield tag="246" ind1=" " ind2=" ">
    <subfield code="a">Balidaniyon ki gatha /</subfield>
    <subfield code="b">by Kaicharan Ghosh; anuvadak Shankar Sahay Saxena </subfield>
  </datafield>
  <datafield tag="260" ind1=" " ind2=" ">
    <subfield code="a">&#x91C;&#x92F;&#x92A;&#x941;&#x930; </subfield>
    <subfield code="b">&#x917;&#x94D;&#x930;&#x928;&#x94D;&#x925;&#x935;&#x93F;&#x915;&#x93E;&#x938; </subfield>
    <subfield code="c">2000</subfield>
  </datafield>
  <datafield tag="270" ind1=" " ind2=" ">
    <subfield code="b">&#x91C;&#x92F;&#x92A;&#x941;&#x930; </subfield>
    <subfield code="a">&#x938;&#x940;-37, &#x92C;&#x930;&#x94D;&#x92B;&#x916;&#x93E;&#x928;&#x93E;, &#x930;&#x93E;&#x91C;&#x93E;&#x92A;&#x93E;&#x930;&#x94D;&#x915; </subfield>
  </datafield>
  <datafield tag="300" ind1=" " ind2=" ">
    <subfield code="a">208&#x92A;&#x943;. </subfield>
    <subfield code="c">21&#x938;&#x947;&#x92E;&#x940; (&#x938;&#x91C;&#x93F;&#x932;&#x94D;&#x926;)</subfield>
  </datafield>
  <datafield tag="650" ind1=" " ind2=" ">
    <subfield code="a">&#x905;&#x902;&#x917;&#x94D;&#x930;&#x947;&#x91C;&#x940; &#x92E;&#x947;&#x902; &#x92B;&#x93F;&#x915;&#x94D;&#x936;&#x928;, 1945- - &#x917;&#x94D;&#x930;&#x902;&#x925;&#x94B;&#x902;</subfield>
    <subfield code="9">78885</subfield>
  </datafield>
  <datafield tag="650" ind1=" " ind2=" ">
    <subfield code="a">&#x91C;&#x93E;&#x938;&#x942;&#x938; &#x915;&#x939;&#x93E;&#x928;&#x93F;&#x92F;&#x93E;&#x902; - &#x917;&#x94D;&#x930;&#x947;&#x91F; &#x92C;&#x94D;&#x930;&#x93F;&#x91F;&#x947;&#x928;</subfield>
    <subfield code="9">78886</subfield>
  </datafield>
  <datafield tag="650" ind1=" " ind2=" ">
    <subfield code="a">Fiction in English, 1945- - Texts</subfield>
    <subfield code="9">30898</subfield>
  </datafield>
  <datafield tag="650" ind1=" " ind2=" ">
    <subfield code="a">Spy stories--Great Britain</subfield>
    <subfield code="9">78887</subfield>
  </datafield>
  <datafield tag="700" ind1=" " ind2=" ">
    <subfield code="a">&#x938;&#x915;&#x94D;&#x938;&#x947;&#x928;&#x93E;, &#x936;&#x902;&#x915;&#x930; &#x938;&#x939;&#x93E;&#x92F; </subfield>
    <subfield code="9">78888</subfield>
  </datafield>
  <datafield tag="942" ind1=" " ind2=" ">
    <subfield code="2">ddc</subfield>
    <subfield code="c">HN</subfield>
    <subfield code="h">954.0841</subfield>
    <subfield code="m">&#x916;&#x941;&#x936;&#x935;</subfield>
  </datafield>
  <datafield tag="999" ind1=" " ind2=" ">
    <subfield code="c">118215</subfield>
    <subfield code="d">118215</subfield>
  </datafield>
  <datafield tag="952" ind1=" " ind2=" ">
    <subfield code="0">0</subfield>
    <subfield code="1">0</subfield>
    <subfield code="4">0</subfield>
    <subfield code="7">0</subfield>
    <subfield code="a">L</subfield>
    <subfield code="b">L</subfield>
    <subfield code="d">2015-09-10</subfield>
    <subfield code="e">Cen Lib/Ret</subfield>
    <subfield code="g">250.00</subfield>
    <subfield code="l">0</subfield>
    <subfield code="o">954.0841 &#x918;&#x94B;&#x937;&#x915;&#x93E;</subfield>
    <subfield code="p">B-008795</subfield>
    <subfield code="r">2015-09-10 00:00:00</subfield>
    <subfield code="t">1</subfield>
    <subfield code="v">250.00</subfield>
    <subfield code="w">2015-09-10</subfield>
    <subfield code="y">HN</subfield>
  </datafield>
</record>
